[Event "Men Ch GroupA r_5"]
[Site "Albena BUL"]
[Date "2010.05.31"]
[Round "5.3"]
[White "Drenchev, Petar"]
[Black "Manolov, Ivan"]
[Result "0-1"]
[WhiteElo "2492"]
[BlackElo "2266"]
[PlyCount "70"]
[EventDate "2010.05.27"]
[EventRounds "7"]
[EventCountry "BUL"]

1. d4 Nf6 2. c4 c5 3. d5 e5 4. Nc3 d6 5. e4 Be7 6. Be2 Nbd7 7. Nf3 O-O 8. O-O
Ne8 9. a3 g6 10. Bh6 Ng7 11. Qd2 Nf6 12. b4 b6 13. bxc5 bxc5 14. h3 Kh8 15.
Rfd1 Ng8 16. Be3 f5 17. Rab1 Ba6 18. Qc2 f4 19. Bd2 g5 20. Na4 h5 21. Nxc5 dxc5
22. Nxe5 Rf6 23. Bc3 Qe8 24. Nc6 Rxc6 25. dxc6 Qxc6 26. Bxh5 Rf8 27. Bg4 Nf6
28. Bf3 Qe6 29. e5 Ng8 30. Bd5 Qh6 31. Qa4 f3 32. Rd3 fxg2 33. e6 Bc8 34. Qc6
Qg6 35. Rg3 Bf6 0-1

[Event "Men Ch GroupA r_5"]
[Site "Albena BUL"]
[Date "2010.05.31"]
[Round "5.3"]
[White "Andreev, Sasho"]
[Black "Marholev, Dimitar"]
[Result "1-0"]
[WhiteElo "2194"]
[BlackElo "2433"]
[PlyCount "53"]
[EventDate "2010.05.27"]
[EventRounds "7"]
[EventCountry "BUL"]

1. d4 Nf6 2. c4 g6 3. Nc3 Bg7 4. e4 d6 5. f3 O-O 6. Be3 Nbd7 7. Qd2 c5 8. Nge2
a6 9. g4 cxd4 10. Nxd4 Ne5 11. Be2 h5 12. h3 e6 13. f4 Nc6 14. Nxc6 bxc6 15.
O-O-O hxg4 16. hxg4 d5 17. g5 Nd7 18. Bf3 Re8 19. cxd5 cxd5 20. exd5 e5 21. d6
Rb8 22. f5 gxf5 23. g6 fxg6 24. Bd5+ Kf8 25. Qg2 Nf6 26. Qxg6 Nxd5 27. Rh8+ 1-0

[Event "Men Ch GroupA r_5"]
[Site "Albena BUL"]
[Date "2010.05.31"]
[Round "5.3"]
[White "Dobrev, Nanko"]
[Black "Angelov, Angel"]
[Result "0-1"]
[WhiteElo "2396"]
[BlackElo "2227"]
[PlyCount "29"]
[EventDate "2010.05.27"]
[EventRounds "7"]
[EventCountry "BUL"]

1. d4 c5 2. e3 e6 3. Nf3 Nf6 4. c4 Be7 5. d5 d6 6. dxe6 fxe6 7. Nc3 d5 8. Be2
Nc6 9. cxd5 exd5 10. O-O O-O 11. b3 Bf5 12. Bb2 Kh8 13. Rc1 d4 14. Qe1 dxc3 15.
Qxc3 0-1

[Event "Men Ch GroupA r_5"]
[Site "Albena BUL"]
[Date "2010.05.31"]
[Round "5.3"]
[White "Zhekov, Zhivko"]
[Black "Milchev, Nikolay"]
[Result "0-1"]
[WhiteElo "2151"]
[BlackElo "2354"]
[PlyCount "76"]
[EventDate "2010.05.27"]
[EventRounds "7"]
[EventCountry "BUL"]

1. e4 e5 2. Nf3 d6 3. d4 exd4 4. Qxd4 Nc6 5. Bb5 Bd7 6. Bxc6 Bxc6 7. Nc3 Nf6 8.
O-O Be7 9. b3 O-O 10. Bb2 Re8 11. Rfe1 Bf8 12. Nd5 Nd7 13. Rad1 Ne5 14. Nxe5
dxe5 15. Qc4 Qc8 16. Rd3 Bd6 17. Red1 Qe6 18. Rf3 Rad8 19. a4 a6 20. Qc3 f6 21.
Rfd3 Rd7 22. Qd2 Rf7 23. c4 Ref8 24. Qe3 f5 25. c5 fxe4 26. R3d2 Be7 27. Nxc7
Qg6 28. Qg3 Qxg3 29. hxg3 Bxc5 30. Ne6 Bxf2+ 31. Rxf2 Rxf2 32. Nxf8 Rxb2 33.
Rd8 e3 34. Nd7+ Kf7 35. Nxe5+ Kf6 36. Nxc6 Rb1+ 37. Kh2 bxc6 38. Re8 Rxb3 0-1

[Event "Men Ch GroupA r_5"]
[Site "Albena BUL"]
[Date "2010.05.31"]
[Round "5.4"]
[White "Badev, Kiril"]
[Black "Radulski, Julian"]
[Result "0-1"]
[WhiteElo "2348"]
[BlackElo "2593"]
[PlyCount "52"]
[EventDate "2010.05.27"]
[EventRounds "7"]
[EventCountry "BUL"]

1. e4 e5 2. Nf3 Nc6 3. Nc3 Nf6 4. Bb5 a6 5. Bxc6 dxc6 6. d3 Bd6 7. Bg5 h6 8.
Bxf6 Qxf6 9. h3 Be6 10. Qd2 O-O 11. Nd1 Rad8 12. Ne3 Qf4 13. Ke2 Bc5 14. g3 Qf6
15. Ng4 Qe7 16. Nh4 Bd4 17. c3 Bb6 18. Nxe5 Qc5 19. d4 Qb5+ 20. Ke1 Rxd4 21.
Qc2 Rxe4+ 22. Qxe4 Qxb2 23. Rb1 Qxf2+ 24. Kd1 Rd8+ 25. Nd3 Be3 26. Nf3 Rxd3+
0-1

[Event "Men Ch GroupA r_5"]
[Site "Albena BUL"]
[Date "2010.05.31"]
[Round "5.4"]
[White "Grigorov, Grigor"]
[Black "Stoinev, Metodi"]
[Result "1-0"]
[WhiteElo "2501"]
[BlackElo "2295"]
[PlyCount "58"]
[EventDate "2010.05.27"]
[EventRounds "7"]
[EventCountry "BUL"]

1. d4 d5 2. Nf3 Nf6 3. c4 c6 4. e3 g6 5. Nc3 Bg7 6. h3 O-O 7. Bd3 c5 8. O-O
cxd4 9. exd4 Nc6 10. a3 a6 11. Re1 Bf5 12. Bxf5 gxf5 13. Bg5 Ne4 14. cxd5 Nxg5
15. dxc6 Nxf3+ 16. Qxf3 bxc6 17. Qxf5 e6 18. Qe4 Qxd4 19. Qxc6 Rfc8 20. Qf3
Rab8 21. Rad1 Qa7 22. Ne4 Qe7 23. b4 a5 24. bxa5 Ra8 25. Nd6 Rcb8 26. Nc4 Ra7
27. Ne5 Rba8 28. Nc6 Qc7 29. Nxa7 Qxa7 1-0

[Event "Men Ch GroupA r_5"]
[Site "Albena BUL"]
[Date "2010.05.31"]
[Round "5.4"]
[White "Mishev, Liubomir"]
[Black "Janev, Evgeni"]
[Result "1-0"]
[WhiteElo "2189"]
[BlackElo "2475"]
[PlyCount "81"]
[EventDate "2010.05.27"]
[EventRounds "7"]
[EventCountry "BUL"]

1. e4 e5 2. Nf3 Nc6 3. Bb5 a6 4. Ba4 Nf6 5. O-O Be7 6. Re1 b5 7. Bb3 d6 8. c3
O-O 9. h3 Nb8 10. d4 Nbd7 11. Nbd2 Bb7 12. Bc2 Re8 13. Nf1 Bf8 14. Ng3 g6 15.
a4 Bg7 16. d5 Qb8 17. Be3 c6 18. dxc6 Bxc6 19. Qd2 Nc5 20. axb5 axb5 21. Rxa8
Qxa8 22. Qxd6 Ncxe4 23. Nxe4 Nxe4 24. Qc7 Bf6 25. Qa7 Qc8 26. Bh6 Nd6 27. Ng5
e4 28. Bb3 Re7 29. Qc5 Qc7 30. Rd1 Nb7 31. Qa7 e3 32. Nxf7 Rxf7 33. fxe3 Qe7
34. Rf1 Be5 35. Qa8+ Qd8 36. Qa3 Nd6 37. Qc5 Bg7 38. Bxg7 Kxg7 39. Qe5+ Kf8 40.
Bxf7 Nxf7 41. Qh8+ 1-0

[Event "Men Ch GroupA r_5"]
[Site "Albena BUL"]
[Date "2010.05.31"]
[Round "5.4"]
[White "Panajotov, Janko"]
[Black "Panbukchan, Valentin"]
[Result "0-1"]
[WhiteElo "2192"]
[BlackElo "2381"]
[PlyCount "76"]
[EventDate "2010.05.27"]
[EventRounds "7"]
[EventCountry "BUL"]

1. Nf3 f5 2. c4 d6 3. d4 g6 4. Nc3 Bg7 5. e4 fxe4 6. Nxe4 Nc6 7. Be2 Nf6 8. Ng3
O-O 9. O-O e5 10. d5 Ne7 11. Bg5 h6 12. Bxf6 Rxf6 13. Ne4 Rf4 14. Nfd2 b6 15.
g3 Rf7 16. Bg4 Nf5 17. h4 Bd7 18. h5 g5 19. Bxf5 Rxf5 20. f3 Qe7 21. Qe2 Raf8
22. Kg2 Rc8 23. Rac1 Rff8 24. Rc3 c6 25. Rd3 Rfd8 26. Nc3 b5 27. dxc6 Bxc6 28.
cxb5 Ba8 29. Nd5 Qf7 30. Nb4 Qxh5 31. Nc6 Bxc6 32. bxc6 Rxc6 33. Rd5 Qf7 34.
Qd3 Qc7 35. Qb3 Kh8 36. Re1 Rc2 37. Re2 Rb8 38. Qd3 Rbxb2 0-1

[Event "Men Ch GroupA r_5"]
[Site "Albena BUL"]
[Date "2010.05.31"]
[Round "5.4"]
[White "Kozhuharov, Spas"]
[Black "Karakehajov, Kalin"]
[Result "1-0"]
[WhiteElo "2404"]
[BlackElo "2505"]
[PlyCount "86"]
[EventDate "2010.05.27"]
[EventRounds "7"]
[EventCountry "BUL"]

1. d4 d5 2. c4 e6 3. Nf3 c6 4. Qc2 Nf6 5. g3 Be7 6. Bg2 O-O 7. O-O Nbd7 8. Nbd2
b6 9. e4 Bb7 10. e5 Ne8 11. cxd5 cxd5 12. Re1 Rc8 13. Qa4 a5 14. Nf1 Ba6 15. h4
h6 16. Bd2 Rc4 17. Qd1 Nb8 18. Ne3 Rc8 19. Ng4 Bd3 20. Rc1 Rxc1 21. Bxc1 Bf5
22. Nfh2 Bg6 23. h5 Bh7 24. Bf1 Nc6 25. a3 Qd7 26. Be3 Nc7 27. Qd2 Rb8 28. Rc1
b5 29. Bxh6 gxh6 30. Nf6+ Bxf6 31. exf6 Ne8 32. Ng4 Bf5 33. Nxh6+ Kh7 34. g4
Be4 35. g5 Rc8 36. Rc3 Nd6 37. Rg3 Nc4 38. Bxc4 dxc4 39. Nxf7 Qxd4 40. g6+ Kg8
41. Nh6+ Kh8 42. g7+ Kh7 43. Qxd4 Nxd4 1-0

[Event "Men Ch GroupA r_5"]
[Site "Albena BUL"]
[Date "2010.05.31"]
[Round "5.4"]
[White "Spassov, Liuben"]
[Black "Ljangov, Petar"]
[Result "1-0"]
[WhiteElo "2421"]
[BlackElo "2118"]
[PlyCount "54"]
[EventDate "2010.05.27"]
[EventRounds "7"]
[EventCountry "BUL"]

1. Nf3 Nf6 2. c4 e6 3. g3 b6 4. Bg2 Bb7 5. d4 Be7 6. Nc3 O-O 7. O-O Ne4 8. Bd2
d6 9. Qc2 Nxc3 10. Bxc3 f5 11. Ne1 Bxg2 12. Nxg2 Bg5 13. f4 Bf6 14. e4 Nd7 15.
e5 Be7 16. b4 c6 17. exd6 Bxd6 18. Rae1 Re8 19. d5 cxd5 20. cxd5 Nf6 21. dxe6
Ne4 22. Rxe4 fxe4 23. Qxe4 Rc8 24. Rf3 Be7 25. Rd3 Qc7 26. Ne3 Bf8 27. f5 Qc4
1-0

[Event "Men Ch GroupA r_6"]
[Site "Albena BUL"]
[Date "2010.06.01"]
[Round "6.1"]
[White "Delchev, Aleksander"]
[Black "Radulski, Julian"]
[Result "1-0"]
[WhiteElo "2625"]
[BlackElo "2593"]
[PlyCount "83"]
[EventDate "2010.05.27"]
[EventRounds "7"]
[EventCountry "BUL"]

1. e4 e5 2. Nf3 Nc6 3. Nc3 Nf6 4. Bb5 a6 5. Bxc6 dxc6 6. Nxe5 Nxe4 7. Nxe4 Qd4
8. O-O Qxe5 9. d4 Qf5 10. Ng3 Qg6 11. Bf4 Bd6 12. Qe1+ Qe6 13. Bxd6 cxd6 14. f4
O-O 15. f5 Qd5 16. Qf2 f6 17. b3 b5 18. Rae1 Bb7 19. Re7 Rf7 20. Re6 c5 21. Ne4
Rd8 22. dxc5 dxc5 23. Nxc5 Rc7 24. b4 Qxa2 25. Qe2 Bc6 26. Rd1 Rxd1+ 27. Qxd1
Qd5 28. Qxd5 Bxd5 29. Rxa6 h5 30. Rd6 Ba2 31. Kf2 Kh7 32. Ke3 Re7+ 33. Ne6 Bc4
34. h4 Ra7 35. Rd7 Rxd7 36. Nf8+ Kg8 37. Nxd7 Kf7 38. Nc5 Ke7 39. g3 Kd6 40.
Kd4 Be2 41. Ne6 g6 42. Nf4 1-0

[Event "Men Ch GroupA r_6"]
[Site "Albena BUL"]
[Date "2010.06.01"]
[Round "6.1"]
[White "Grigorov, Grigor"]
[Black "Iotov, Valentin"]
[Result "1-0"]
[WhiteElo "2501"]
[BlackElo "2569"]
[PlyCount "67"]
[EventDate "2010.05.27"]
[EventRounds "7"]
[EventCountry "BUL"]

1. d4 Nf6 2. c4 g6 3. Nc3 d5 4. cxd5 Nxd5 5. e4 Nxc3 6. bxc3 Bg7 7. Bc4 c5 8.
Ne2 O-O 9. O-O Nc6 10. Be3 Qc7 11. Rc1 Rd8 12. Bf4 Be5 13. Bxe5 Nxe5 14. Bb3
Ng4 15. Ng3 Qf4 16. Qc2 cxd4 17. cxd4 Bd7 18. Qb2 Rac8 19. h3 Nf6 20. e5 Ne4
21. Nxe4 Qxe4 22. d5 a5 23. a3 b5 24. Rfe1 Qf4 25. Rcd1 Qg5 26. Re3 Bf5 27. Qd4
a4 28. Ba2 Rc2 29. Bb1 Rc4 30. Qb6 Rxd5 31. Rxd5 Rc1+ 32. Kh2 Bxh3 33. Rg3 Bg4
34. Qe3 1-0

[Event "Men Ch GroupA r_6"]
[Site "Albena BUL"]
[Date "2010.06.01"]
[Round "6.1"]
[White "Kogan, Artur"]
[Black "Janev, Evgeni"]
[Result "1-0"]
[WhiteElo "2525"]
[BlackElo "2475"]
[PlyCount "95"]
[EventDate "2010.05.27"]
[EventRounds "7"]
[EventCountry "BUL"]

1. e4 d6 2. d4 Nf6 3. Nc3 e5 4. Nf3 Nbd7 5. Bc4 Be7 6. O-O O-O 7. a4 exd4 8.
Nxd4 Re8 9. a5 a6 10. h3 Bf8 11. Re1 c6 12. Bf4 Ne5 13. Bb3 Bd7 14. Bg3 b5 15.
axb6 Qxb6 16. Nf5 Qc7 17. Bf4 Bxf5 18. exf5 Ned7 19. Rxe8 Nxe8 20. Bg3 Nc5 21.
Bc4 Qb7 22. b3 Nf6 23. Bh4 d5 24. Bf1 Nfd7 25. Qd4 a5 26. g4 Bd6 27. Re1 Qc7
28. Bg2 Be5 29. Qd2 h6 30. Ne2 a4 31. f4 Bd6 32. b4 Ne4 33. Bxe4 dxe4 34. Bf2
a3 35. Ra1 Nf6 36. c4 c5 37. b5 Ra4 38. Qc2 Qa5 39. g5 hxg5 40. fxg5 Be5 41.
Ra2 e3 42. Bxe3 Qe1+ 43. Kg2 Rb4 44. Bf2 Qb1 45. Qxb1 Rxb1 46. gxf6 Rb2 47.
Rxa3 Rxe2 48. Re3 1-0

[Event "Men Ch GroupA r_6"]
[Site "Albena BUL"]
[Date "2010.06.01"]
[Round "6.1"]
[White "Kozhuharov, Spas"]
[Black "Nikolov, Momchil"]
[Result "1-0"]
[WhiteElo "2404"]
[BlackElo "2553"]
[PlyCount "89"]
[EventDate "2010.05.27"]
[EventRounds "7"]
[EventCountry "BUL"]

1. d4 Nf6 2. c4 c5 3. d5 e6 4. Nc3 exd5 5. cxd5 d6 6. e4 g6 7. Bd3 Bg7 8. h3
O-O 9. Nf3 a6 10. a4 Re8 11. O-O Nh5 12. Bg5 Bf6 13. Be3 Nd7 14. Qd2 Ne5 15.
Be2 Nxf3+ 16. Bxf3 Ng7 17. a5 Bd7 18. Na4 Bxa4 19. Rxa4 b5 20. axb6 Qxb6 21.
Rb1 a5 22. b3 Be5 23. Bd1 f5 24. Bc2 fxe4 25. Bxe4 Rf8 26. g4 Qd8 27. f4 Bf6
28. Kg2 Ne8 29. Rf1 Rb8 30. Bc2 Rb4 31. g5 Bh8 32. f5 gxf5 33. Bxf5 Nc7 34. Qd3
Be5 35. Bxh7+ Kh8 36. Rxb4 axb4 37. Be4 Kg7 38. Qe2 Rxf1 39. Qxf1 Qd7 40. Qf3
Qf7 41. h4 Nb5 42. h5 Qxf3+ 43. Kxf3 Nd4+ 44. Bxd4 Bxd4 45. h6+ 1-0

[Event "Men Ch GroupA r_6"]
[Site "Albena BUL"]
[Date "2010.06.01"]
[Round "6.1"]
[White "Petrov, Marijan"]
[Black "Bratanov, Zsivko"]
[Result "1-0"]
[WhiteElo "2545"]
[BlackElo "2490"]
[PlyCount "91"]
[EventDate "2010.05.27"]
[EventRounds "7"]
[EventCountry "BUL"]

1. e4 e5 2. Nf3 Nc6 3. Bb5 a6 4. Ba4 Nf6 5. O-O Be7 6. Bxc6 dxc6 7. Nc3 Bg4 8.
h3 Bh5 9. g4 Nxg4 10. hxg4 Bxg4 11. Kg2 h5 12. Qe1 Qd6 13. Nh2 Bd7 14. d3 g5
15. Be3 O-O-O 16. Kh1 Qg6 17. Rg1 g4 18. Qe2 Rdg8 19. Rg2 Bd6 20. Rag1 c5 21.
f3 f5 22. exf5 Qxf5 23. Ne4 Kb8 24. Qf2 c4 25. fxg4 hxg4 26. Qxf5 Bxf5 27. Rg3
cxd3 28. cxd3 Be7 29. Rf1 Be6 30. Kg1 Rh3 31. a3 b6 32. Kg2 Rd8 33. Rd1 Rh5 34.
Nxg4 Bh4 35. Ngf6 Rf5 36. Rf3 Kb7 37. Bf2 Bxf6 38. Nxf6 Rd6 39. Ne4 Rc6 40.
Rxf5 Bxf5 41. Rd2 Rg6+ 42. Kf3 Bg4+ 43. Ke3 Bf5 44. Rd1 c5 45. Rg1 Rh6 46. Rg5
1-0

[Event "Men Ch GroupA r_6"]
[Site "Albena BUL"]
[Date "2010.06.01"]
[Round "6.1"]
[White "Spassov, Liuben"]
[Black "Bojkov, Dejan"]
[Result "0-1"]
[WhiteElo "2421"]
[BlackElo "2542"]
[PlyCount "49"]
[EventDate "2010.05.27"]
[EventRounds "7"]
[EventCountry "BUL"]

1. d4 Nf6 2. c4 g6 3. Nc3 Bg7 4. e4 d6 5. f3 O-O 6. Nge2 c5 7. d5 e6 8. Bg5 h6
9. Be3 exd5 10. cxd5 a6 11. a4 Nbd7 12. Nc1 Nh7 13. Be2 Ne5 14. O-O f5 15. Qd2
g5 16. exf5 Bxf5 17. a5 Qe7 18. Ra3 Rae8 19. Bf2 Nf6 20. Re1 Nf7 21. Rb3 g4 22.
f4 Ne4 23. Nxe4 Bxe4 24. Rb6 Bg6 25. Rxd6 0-1

[Event "Men Ch GroupA r_6"]
[Site "Albena BUL"]
[Date "2010.06.01"]
[Round "6.2"]
[White "Vasilev, Milen"]
[Black "Kolev, Atanas Tonchev"]
[Result "1-0"]
[WhiteElo "2468"]
[BlackElo "2038"]
[PlyCount "77"]
[EventDate "2010.05.27"]
[EventRounds "7"]
[EventCountry "BUL"]

1. d4 Nf6 2. Nf3 g6 3. c4 Bg7 4. Nc3 O-O 5. g3 d6 6. Bg2 Nc6 7. O-O a6 8. e4
Bg4 9. Be3 e5 10. d5 Nd4 11. Bxd4 exd4 12. Qxd4 Re8 13. Qd3 Nd7 14. Nd2 f5 15.
Rae1 fxe4 16. Ncxe4 Bxb2 17. c5 Bf5 18. Qb3 Be5 19. cxd6 cxd6 20. Qxb7 Nb6 21.
Rb1 Bd4 22. Rb3 Re7 23. Qc6 Rd7 24. Qc2 a5 25. Qd3 Bg7 26. Rfb1 Nc8 27. h3 h5
28. Nc4 a4 29. Rb4 Rc7 30. Ne3 Ne7 31. g4 hxg4 32. hxg4 Bc8 33. Ng5 Rc3 34. Qe4
Be5 35. Nc4 Bf6 36. Ne6 Bxe6 37. Qxe6+ Kg7 38. Nxd6 Qf8 39. Ne4 1-0

[Event "Men Ch GroupA r_6"]
[Site "Albena BUL"]
[Date "2010.06.01"]
[Round "6.2"]
[White "Badev, Kiril"]
[Black "Lilov, Valeri"]
[Result "1-0"]
[WhiteElo "2348"]
[BlackElo "2415"]
[PlyCount "101"]
[EventDate "2010.05.27"]
[EventRounds "7"]
[EventCountry "BUL"]

1. e4 e5 2. Nf3 Nc6 3. Nc3 Nf6 4. Bb5 Bb4 5. Bxc6 bxc6 6. O-O d6 7. d4 O-O 8.
Re1 Qe7 9. h3 Nd7 10. a3 Bxc3 11. bxc3 a5 12. Bg5 f6 13. Bc1 Nb6 14. Nd2 Na4
15. Qf3 Qf7 16. Qg3 Kh8 17. Re3 c5 18. dxe5 fxe5 19. Rf3 Qe8 20. Rxf8+ Qxf8 21.
Qe3 Qf7 22. f3 h6 23. Kf2 Ba6 24. g4 Qe6 25. Kg3 c6 26. Nb3 Bc4 27. Nd2 Rb8 28.
Nxc4 Qxc4 29. Bd2 Qe6 30. g5 h5 31. f4 exf4+ 32. Qxf4 Re8 33. Re1 Nb2 34. Qf3
Qg6 35. e5 d5 36. Kh4 Nc4 37. Bf4 Re6 38. a4 Kg8 39. Qxh5 Qxc2 40. Qg4 Qg6 41.
Kg3 Nb2 42. h4 Nd3 43. h5 Qe8 44. Re2 c4 45. g6 c5 46. Qf3 Qf8 47. Qg4 Qe8 48.
Qg5 Qe7 49. Qf5 d4 50. cxd4 cxd4 51. Bg5 1-0

[Event "Men Ch GroupA r_6"]
[Site "Albena BUL"]
[Date "2010.06.01"]
[Round "6.2"]
[White "Manolov, Ivan"]
[Black "Stoinev, Metodi"]
[Result "1-0"]
[WhiteElo "2266"]
[BlackElo "2295"]
[PlyCount "94"]
[EventDate "2010.05.27"]
[EventRounds "7"]
[EventCountry "BUL"]

1. Nf3 Nf6 2. g3 d5 3. Bg2 e6 4. O-O Be7 5. d3 O-O 6. Nbd2 b6 7. e4 Bb7 8. Re1
c5 9. e5 Nfd7 10. h4 Nc6 11. Nf1 Re8 12. N1h2 Nf8 13. h5 f6 14. exf6 Bxf6 15.
Ng4 e5 16. h6 Ng6 17. Nxf6+ gxf6 18. c3 Nce7 19. a4 a5 20. Nh2 Kh8 21. d4 cxd4
22. cxd4 e4 23. Rb1 Ba6 24. b4 Bd3 25. Rb3 axb4 26. Rxb4 Nc6 27. Rb2 Na5 28.
Qh5 Nc4 29. Rb5 Ra5 30. Rxa5 bxa5 31. Qf5 Rf8 32. Ng4 Ne7 33. Qe6 Nc8 34. Ne3
N8b6 35. Nxc4 Nxc4 36. Bh3 Bc2 37. Qc6 f5 38. Qb7 Qf6 39. Qxd5 Qf7 40. Qc5 Bd3
41. Bf4 Kg8 42. d5 Qd7 43. d6 Rf6 44. Qd5+ Kf8 45. Rc1 Rxd6 46. Bxd6+ Qxd6 47.
Qxf5+ Ke8 1-0

[Event "Men Ch GroupA r_6"]
[Site "Albena BUL"]
[Date "2010.06.01"]
[Round "6.2"]
[White "Mishev, Liubomir"]
[Black "Angelov, Angel"]
[Result "1/2-1/2"]
[WhiteElo "2189"]
[BlackElo "2227"]
[PlyCount "240"]
[EventDate "2010.05.27"]
[EventRounds "7"]
[EventCountry "BUL"]

1. e4 c6 2. d4 d5 3. exd5 cxd5 4. c4 Nf6 5. Nc3 Nc6 6. Nf3 e6 7. c5 Ne4 8. Bb5
Nxc3 9. bxc3 Qa5 10. Qb3 f6 11. O-O Be7 12. Bd2 O-O 13. Rfe1 Kh8 14. Re2 Qd8
15. Bd3 e5 16. dxe5 fxe5 17. Nxe5 Bxc5 18. Nxc6 bxc6 19. Be3 Bd6 20. Qc2 Qh4
21. g3 Qh5 22. Rd2 Bh3 23. Be2 Qf7 24. Qa4 Be5 25. Rc1 Bd7 26. Qa6 Qf6 27. Qa5
Qg6 28. c4 Be6 29. Bf1 h5 30. Bg2 h4 31. cxd5 cxd5 32. Qb4 hxg3 33. hxg3 Rac8
34. Qh4+ Kg8 35. Rxc8 Rxc8 36. Bxd5 Bxd5 37. Rxd5 Bf6 38. Qa4 Qb1+ 39. Kh2 Qg6
40. Ra5 Rb8 41. Qc4+ Kh7 42. Qe6 Rb2 43. Qh3+ Kg8 44. Qe6+ Kh7 45. Rxa7 Rb5 46.
Ra8 Qb1 47. Qh3+ Kg6 48. Rh8 Rf5 49. Qh7+ Kf7 50. Qg8+ Ke7 51. Qd8+ Ke6 52.
Qc8+ Kd5 53. Qd7+ Ke4 54. Qc6+ Kd3 55. Qd7+ Ke2 56. Qe6 Rxf2+ 57. Bxf2+ Kxf2
58. Qb3 Qg1+ 59. Kh3 Qh1+ 60. Kg4 Qe4+ 61. Kh3 Qh1+ 62. Kg4 Qxh8 63. Qf3+ Ke1
64. Qe3+ Kd1 65. Qd3+ Kc1 66. Qc4+ Kd2 67. Qd5+ Ke3 68. Qe6+ Kd4 69. Qd6+ Ke4
70. Qe6+ Be5 71. Qc4+ Ke3 72. Qc5+ Bd4 73. Qc1+ Ke4 74. Qc6+ Ke5 75. Qc7+ Kd5
76. Qd7+ Kc4 77. Qc6+ Bc5 78. Qa4+ Bb4 79. Qc6+ Kd4 80. Qd7+ Kc4 81. Qc6+ Bc5
82. Qa4+ Kd5 83. Qd7+ Bd6 84. Qb5+ Ke6 85. Qc4+ Kf6 86. Qd4+ Be5 87. Qb6+ Kf7
88. Qb7+ Ke6 89. Qc6+ Bd6 90. Qe4+ Kd7 91. Qb7+ Bc7 92. Qd5+ Ke7 93. Qe4+ Kd7
94. Qd5+ Kc8 95. Qa8+ Bb8 96. Qc6+ Kd8 97. Qd5+ Ke7 98. Qe4+ Kf8 99. Qb7 Qh2
100. Qxb8+ Kf7 101. Qc7+ Kf8 102. Qd6+ Ke8 103. Qe6+ Kf8 104. Qf5+ Kg8 105.
Qd5+ Kf8 106. Qd6+ Kf7 107. Qd7+ Kf8 108. Qf5+ Kg8 109. Qe6+ Kf8 110. Qf5+ Kg8
111. Qe6+ Kf8 112. a4 Qb2 113. Qd6+ Kf7 114. Qc7+ Kf6 115. Qf4+ Ke7 116. a5
Qe2+ 117. Kh3 Qb5 118. Qc7+ Kf8 119. Qc8+ Kf7 120. Qc7+ Kf8 1/2-1/2

[Event "Men Ch GroupA r_6"]
[Site "Albena BUL"]
[Date "2010.06.01"]
[Round "6.2"]
[White "Zhekov, Zhivko"]
[Black "Karakehajov, Kalin"]
[Result "0-1"]
[WhiteElo "2151"]
[BlackElo "2505"]
[PlyCount "94"]
[EventDate "2010.05.27"]
[EventRounds "7"]
[EventCountry "BUL"]

1. e4 c5 2. Nc3 Nc6 3. g3 g6 4. Bg2 Bg7 5. d3 d6 6. f4 Nh6 7. Nf3 O-O 8. O-O f5
9. h3 Nf7 10. Be3 Nd4 11. Rb1 Be6 12. Nd5 Bd7 13. Bf2 e6 14. Ne3 Nc6 15. c3 Rb8
16. exf5 exf5 17. d4 b6 18. Re1 Re8 19. Qd2 Ne7 20. Rbd1 Qc7 21. h4 Bc6 22. d5
Bd7 23. Ng5 Nxg5 24. hxg5 b5 25. Rc1 Nc8 26. Bf3 Nb6 27. Re2 Qc8 28. b4 Na4 29.
c4 cxb4 30. Qxb4 Nc5 31. Qd2 b4 32. Nd1 b3 33. Rxe8+ Bxe8 34. Rb1 Ba4 35. axb3
Bxb3 36. Bd4 Bxd1 37. Rxb8 Qxb8 38. Qxd1 Bxd4+ 39. Qxd4 a5 40. g4 a4 41. gxf5
Qb1+ 42. Kh2 Qxf5 43. Kg3 a3 44. Qa1 Nd3 45. Qxa3 Qxf4+ 46. Kg2 Qxg5+ 47. Kf1
Qe3 0-1

[Event "Men Ch GroupA r_6"]
[Site "Albena BUL"]
[Date "2010.06.01"]
[Round "6.2"]
[White "Panajotov, Janko"]
[Black "Dichev, Nedelcho"]
[Result "1-0"]
[WhiteElo "2192"]
[BlackElo "2175"]
[PlyCount "101"]
[EventDate "2010.05.27"]
[EventRounds "7"]
[EventCountry "BUL"]

1. e4 c5 2. Nf3 Nc6 3. Bb5 g6 4. O-O Bg7 5. c3 Nf6 6. Re1 O-O 7. d4 cxd4 8.
cxd4 d5 9. e5 Ne8 10. h3 Nc7 11. Bxc6 bxc6 12. Nc3 h6 13. b3 Ne6 14. Na4 f6 15.
Qd3 f5 16. Bd2 g5 17. Rac1 Qe8 18. Nc5 Nxc5 19. dxc5 e6 20. Nd4 Rf7 21. f4 gxf4
22. Bxf4 Bf8 23. Re3 Bd7 24. Kh2 Rh7 25. b4 a6 26. Qd2 Ra7 27. Rb3 Bc8 28. a4
Rac7 29. Rbc3 Rcg7 30. Qe2 Be7 31. Ra1 Bg5 32. Qf2 Rg6 33. Raa3 Rhg7 34. g3 Kh7
35. Rab3 h5 36. Ne2 Qd8 37. Nd4 Bd7 38. b5 axb5 39. axb5 cxb5 40. c6 Bc8 41.
Nxb5 h4 42. Bxg5 Qxg5 43. Nd6 f4 44. g4 Rc7 45. Qd4 Ba6 46. Rc5 Bf1 47. Rf3
Bxh3 48. Qxf4 Bxg4 49. Qxg5 Rxg5 50. Rf7+ Rg7 51. Rxg7+ 1-0

[Event "Men Ch GroupA r_6"]
[Site "Albena BUL"]
[Date "2010.06.01"]
[Round "6.3"]
[White "Georgiev, Kiril"]
[Black "Chatalbashev, Boris"]
[Result "1/2-1/2"]
[WhiteElo "2662"]
[BlackElo "2593"]
[PlyCount "61"]
[EventDate "2010.05.27"]
[EventRounds "7"]
[EventCountry "BUL"]

1. d4 Nf6 2. c4 c5 3. d5 g6 4. Nc3 Bg7 5. e4 d6 6. Bd3 O-O 7. h3 e6 8. Nf3 Na6
9. O-O Nc7 10. Re1 Rb8 11. Bg5 h6 12. Be3 exd5 13. exd5 b5 14. b3 Nh5 15. Rc1
bxc4 16. bxc4 f5 17. Bd2 Bd7 18. Rb1 Rxb1 19. Qxb1 g5 20. g3 Nf6 21. Qb7 Nce8
22. Qxa7 Ne4 23. Nxe4 fxe4 24. Bxe4 Bxh3 25. Nh2 Nf6 26. Bg6 Nd7 27. Re6 Bd4
28. Be1 Bxe6 29. dxe6 Qf6 30. Bf7+ Rxf7 31. exf7+ 1/2-1/2

[Event "Men Ch GroupA r_6"]
[Site "Albena BUL"]
[Date "2010.06.01"]
[Round "6.3"]
[White "Petkov, Vladimir"]
[Black "Lupulescu, Constantin"]
[Result "0-1"]
[WhiteElo "2498"]
[BlackElo "2593"]
[PlyCount "111"]
[EventDate "2010.05.27"]
[EventRounds "7"]
[EventCountry "BUL"]

1. Nf3 c5 2. c4 Nf6 3. Nc3 d5 4. cxd5 Nxd5 5. e4 Nb4 6. Bc4 Nd3+ 7. Kf1 Nc6 8.
Qe2 Nxc1 9. Rxc1 e6 10. h4 a6 11. e5 b6 12. Bd3 Bb7 13. Be4 Be7 14. Qe3 Qc7 15.
Rh3 O-O-O 16. Rg3 g6 17. Rg4 Kb8 18. Rf4 Rhf8 19. a3 Nxe5 20. Bxb7 Nd3 21. Bxa6
Qxf4 22. Qxf4+ Nxf4 23. Ne5 Rxd2 24. Nb5 Rc8 25. g3 f6 26. Bxc8 Kxc8 27. Nc4
Rxf2+ 28. Kxf2 Nd3+ 29. Ke3 Nxc1 30. Nxb6+ Kb7 31. Nc4 Nb3 32. Kd3 Kc6 33. Na7+
Kb7 34. Nb5 Kc6 35. Na7+ Kd7 36. Nb5 e5 37. Ke4 Nd4 38. Nxd4 cxd4 39. Kd5 Bf8
40. a4 Bb4 41. g4 d3 42. Ne3 Bd2 43. Nd1 Bf4 44. a5 f5 45. gxf5 gxf5 46. b4 e4
47. Kc4 h5 48. b5 Bg3 49. a6 Kc7 50. Kc5 Bd6+ 51. Kd5 Be7 52. a7 Kb7 53. b6 Bd8
54. Ke5 Bxb6 55. Kxf5 e3 56. Ke5 0-1

[Event "Men Ch GroupA r_6"]
[Site "Albena BUL"]
[Date "2010.06.01"]
[Round "6.3"]
[White "Spasov, Vasil"]
[Black "Drenchev, Petar"]
[Result "1/2-1/2"]
[WhiteElo "2605"]
[BlackElo "2492"]
[PlyCount "55"]
[EventDate "2010.05.27"]
[EventRounds "7"]
[EventCountry "BUL"]

1. e4 c5 2. Nf3 d6 3. d4 Nf6 4. Nc3 cxd4 5. Nxd4 Nc6 6. Be2 g6 7. Nb3 Bg7 8.
O-O O-O 9. Re1 a6 10. Bf1 b5 11. Nd5 Nd7 12. c3 e6 13. Ne3 Nb6 14. Nd4 Bb7 15.
Nxc6 Bxc6 16. Nc2 Na4 17. Rb1 Bb7 18. Bf4 e5 19. Bd2 Nc5 20. f3 d5 21. exd5
Qxd5 22. Be3 Na4 23. Nb4 Qxd1 24. Rexd1 Rfd8 25. Bd3 Bf8 26. Bc2 Rxd1+ 27. Rxd1
Nxc3 28. bxc3 1/2-1/2